000 00786nam a2200301 a 4500
003 AR-BaBNM
005 20251128204043.0
008 082120s2002 ||||||||||||||000 | spa||
020 _a950-03-0033-8
040 _cAR-BaBNM
100 1 _aGüiraldes, Ricardo
245 0 0 _aDon Segundo Sombra
250 _a47ª ed.
260 _aBuenos Aires
_bLosada
_c1992
300 _a195 p.
490 0 _aBiblioteca clásica contemporánea
500 _aContiene vocabulario
500 _aListado de títulos de la misma colección
650 4 _aLITERATURA ARGENTINA
650 4 _aNOVELAS
653 _aLITERATURA GAUCHESCA
653 _aCRIOLLOS
653 _aVANGUARDIAS LITERARIAS
655 _aLITERATURA
700 1 _aGhiano, Juan Carlos
942 _cBK
998 _cisola
999 _c5981
_d5981